000 00994nam a2200313 i 4500
003 EG-GICUC
005 20260221095007.0
008 260221s1988 -uk fr|||| 001 0 eng d
040 _aEG-GiCUC
_beng
_cEG-GiCUC
_dEG-GiCUC
_erda
041 0 _aeng
082 0 4 _221
_a341.77
_bFO . E
092 0 4 _221
099 _aLaw1 11 341.77 FO . E1988
100 1 _aForde, Michael
_eAuthor.
245 0 4 _aExtradition Law in Ireland /
_cMichael Forde.
264 1 _aChippenham :
_bThe Round Hall Press
_c1988.
300 _a260 pages,
_c24 cm
336 _2rda content
_atext
337 _2rda media
_aComputer
338 _2rda carrier
_aOnline Resource
504 _aIncludes bibliographical references.
546 _aText in English
590 _aإهداء مكتبة الأستاذ الدكتور صلاح عامر
650 1 4 _aPublic international law
_2
651 1 _2
856 4 0 _uhttps://fll.law.cu.edu.eg/fulltext/bks/B11-08097.pdf
905 _a48
942 _2ddc
_cBK
_e21
_n0
999 _c63946
_d63946